| 000 | 00794 a2200229 4500 | ||
|---|---|---|---|
| 005 | 20240408161700.0 | ||
| 008 | 090306t xxu||||| |||| 00| 0 eng d | ||
| 010 | _aENG-140075-78 | ||
| 020 |
_a9788121513333(Set of 4 volumes) _c6000.00 |
||
| 035 | _aEN-123607-610 | ||
| 037 | _bDBAD | ||
| 050 | _a230.1 | ||
| 082 |
_a230.1 _21 |
||
| 100 |
_aPrithpaul, K.D _964415 |
||
| 245 |
_aThe Sublime Myth Of Rama: _bAs Told by Valmiki and Tulasidasa/ _cBy K.D Prithpaul |
||
| 250 | _a1 | ||
| 260 |
_aNew Delhi _bMunshiram Manoharlal Publishers _c2007 |
||
| 270 |
_aPost Box No. 5715, 54 Rani Jhansi Road,New Delhi-110055 _bNew Delhi _e110055 |
||
| 300 |
_axxix,1996p. _c22cm(Hb) |
||
| 490 |
_aSet of 4 Volumes _vVol 1,Vol 2,Vol 3,Vol 4 |
||
| 942 |
_adpl _cEN _2ddc _h230.1 _mPRI _e1 |
||
| 999 |
_c201985 _d201985 |
||